ბათუმის შოთა რუსთაველის სახელმწიფო უნივერსიტეტის ბიბლიოთეკა

Новая история Грузии / (ბიბ.ჩანაწერი № 61166)

000 -LEADER
fixed length control field 01134nam a22002177a 4500
005 - DATE AND TIME OF LATEST TRANSACTION
control field 20231226173658.0
008 - FIXED-LENGTH DATA ELEMENTS--GENERAL INFORMATION
fixed length control field 231226s2013 ru ||||| |||| 00| 0 rus d
020 ## - INTERNATIONAL STANDARD BOOK NUMBER
International Standard Book Number 9789941016523
041 ## - LANGUAGE CODE
Language code of text/sound track or separate title rus
080 ## - UNIVERSAL DECIMAL CLASSIFICATION NUMBER
Universal Decimal Classification number 94(479.224) Э-17
100 ## - MAIN ENTRY--PERSONAL NAME
Personal name Эгнаташвили, Бери
9 (RLIN) 20895
245 ## - TITLE STATEMENT
Title Новая история Грузии /
Statement of responsibility, etc. Бери Эгнаташвили; Перевод со старогрузинского и предисловие Гиви В. Цулая; Ред. Р. Метревели; Национ. акад. наук Грузии. Комиссия по источникам истории Грузии.
264 ## - PRODUCTION, PUBLICATION, DISTRIBUTION, MANUFACTURE, AND COPYRIGHT NOTICE
Place of production, publication, distribution, manufacture Тбилиси,
Date of production, publication, distribution, manufacture, or copyright notice 2013.
300 ## - PHYSICAL DESCRIPTION
Extent 192 с.:
Other physical details 21 см.
653 ## - INDEX TERM--UNCONTROLLED
keyword საქართველო
653 ## - INDEX TERM--UNCONTROLLED
keyword ახალი ისტორია
700 ## - ADDED ENTRY--PERSONAL NAME
Personal name Цулая, Гиви В.
Relator term მთარგმნელი
9 (RLIN) 20896
700 ## - ADDED ENTRY--PERSONAL NAME
Personal name Метревели, Р.
Relator term რედაქტორი
9 (RLIN) 20546
710 ## - ADDED ENTRY--CORPORATE NAME
Corporate name or jurisdiction name as entry element Национ. акад. наук Грузии.
Date of meeting or treaty signing Комиссия по источникам истории Грузии
9 (RLIN) 20897
942 ## - ADDED ENTRY ELEMENTS (KOHA)
Source of classification or shelving scheme
Koha item type წიგნი
ეგზემპლარები
Withdrawn status Lost status Source of classification or shelving scheme Damaged status Not for loan Permanent Location Current Location Shelving location Date acquired Cost, normal purchase price Full call number Barcode Date last seen Copy number Uniform Resource Identifier Price effective from Koha item type Public note
          ბათუმის შოთა რუსთაველის სახელმწიფო უნივერსიტეტის მთავარი ბიბლიოთეკა ბათუმის შოთა რუსთაველის სახელმწიფო უნივერსიტეტის მთავარი ბიბლიოთეკა წიგნსაცავი 2023-12-26 7.00 94(479.224) Э-17 65681 2023-12-26 65681 ბსუ-ს საპატიო დოქტორის გურამ ლორთქიფანიძის საჩუქარი 2023-12-26 წიგნი 7 ლ.